Proceso de construcción y funcionamiento de una instalación deportiva / Joan Celma i Giménez ; adaptación para la publicación Sussi Morell
ISBN:
84-7794-746-5
Descripción Física:
v. ; 24 cm
Colección:
Temas de deportes ; 9
Otros Autores:
Morell, Sussi
MARC
| LEADER | 00000nam a2200000Ia 4500 | ||
|---|---|---|---|
| 001 | 12830 | ||
| 008 | 160829s2000 xx 000 0 cat d | ||
| 020 | |a 84-7794-746-5 (o.c.), 84-7794-745-7 (v.1) | ||
| 080 | |a P-1-26 | ||
| 100 | |a Celma i Giménez, Joan |9 977 | ||
| 245 | |a Proceso de construcción y funcionamiento de una instalación deportiva / Joan Celma i Giménez ; adaptación para la publicación Sussi Morell | ||
| 260 | |a Barcelona : |b Diputació de Barcelona. Àrea d'Esports, |c 2000 | ||
| 300 | |a v. ; |c 24 cm | ||
| 490 | |a Temas de deportes ; 9 | ||
| 590 | |a Conté: v. 1: Manual de planificación. | ||
| 590 | |a Hi ha un altre exemplar en català amb R. 12713. | ||
| 590 | |a Bibliografia | ||
| 650 | |a Instal·lacions esportives |x Projectes i construcció |x Planificació |9 38397 | ||
| 700 | |a Morell, Sussi |9 26845 | ||
| 710 | |a Barcelona (Catalunya : Província). |b Àrea d'Esports |9 53827 | ||
| 901 | |a Arxiu | ||
| 942 | |n 1 | ||
| 952 | |0 0 |1 0 |4 0 |6 P126 |7 1 |9 48402 |a Arxiu |b Arxiu |d 2016-12-01 |l 0 |o P-1-26 |p 12830 |r 2016-12-01 00:00:00 |w 2016-12-01 |y ARXIU | ||
| 999 | |c 52230 |d 52230 | ||